University Rankings. Theoretical basis, methodology and impacts on global higher education.
I tiakina i:
| Ētahi atu kaituhi: | , , |
|---|---|
| Hōputu: | Pukapuka |
| I whakaputaina: |
Dordrecht, The Netherlands:
Springer,
2011.
|
| Rangatū: | The Changing Academy – The Changing Academic Profession in International Comparative Perspective,
|
| Ngā marau: | |
| Ngā Tūtohu: |
Tāpirihia he Tūtohu
Kāore He Tūtohu, Me noho koe te mea tuatahi ki te tūtohu i tēnei pūkete!
|
MARC
| LEADER | 00000nam a22000007a 4500 | ||
|---|---|---|---|
| 003 | CL-VaPUC | ||
| 005 | 20240402164749.0 | ||
| 008 | 240325t2011 ||||| |||| 00| 0 eng d | ||
| 999 | |c 443333 |d 443331 | ||
| 020 | |a 978-94-007-1115-0 | ||
| 040 | |c Pontificia Universidad Católica de Valparaíso | ||
| 082 | 7 | |2 22 |a 378 SHI 2011 | |
| 100 | |a Shin, Jung Cheol |e editor |9 887973 | ||
| 245 | |a University Rankings. |b Theoretical basis, methodology and impacts on global higher education. | ||
| 260 | |a Dordrecht, The Netherlands: |b Springer, |c 2011. | ||
| 300 | |a xiv, 271 páginas. | ||
| 490 | |a The Changing Academy – The Changing Academic Profession in International Comparative Perspective, |n 3. | ||
| 500 | |a c.1 Donación Escuela Ingeniería Industrial. Memo EII 02/2024. 25-01-2024. | ||
| 583 | |c 20240325 |k Catalogador Asistente | ||
| 650 | |a Educación superior |9 223851 | ||
| 650 | |a Políticas educacionales |9 887997 | ||
| 650 | |a Educación y estado |9 814705 | ||
| 700 | |a Toutkoushian, Robert K |e editor |9 887974 | ||
| 700 | |a Teichler, Ulrich |e editor |9 887975 | ||
| 942 | |2 ddc |c BK | ||
| 952 | |0 0 |1 0 |2 ddc |4 0 |6 378_000000000000000_SHI_2011 |7 0 |8 A |9 593827 |a BIBING |b BIBING |d 2024-03-25 |e Donación |i 5660408 |o 378 SHI 2011 |p 5660408 |r 2025-01-20 |t 1 |w 2024-03-25 |y BK |k EII | ||